Kanadan kaupunkeja kartalla - Statistics

Yleistilastot
  • Tätä visaa on pelattu 665 kertaa
  • Keskiarvotulos 11 / 21
Vastaukset kartalla
Vastauksille on annettu kartalla punavihreä väri sen mukaan, kuinka moni on saanut sen oikein.
 
Vastaustilastot
Vastaus % Oikein
Vancouver
76%
Toronto
73%
Montreal
65%
Ottawa
65%
Quebec
65%
Calgary
62%
Edmonton
58%
Winnipeg
58%
Halifax
54%
Iqaluit
53%
St. John's
52%
Victoria
52%
Thunder Bay
50%
Yellowknife
50%
Regina
49%
Whitehorse
43%
Windsor
41%
Sault Ste.
Marie
38%
Fort
McMurray
37%
Charlottetown
36%
Churchill
36%
Ehtoja vastaavia visoja ei löytynyt
Tulosjakauma
Jokaisen tuloksen saaneiden osuus
Persentiili vastausten määrän mukaan
Tuloshistoriasi
Et ole pelannut tätä visaa